000 00321nam a22001337a 4500
008 170421b xxu||||| |||| 00| 0 eng d
020 _a9780309063647
041 _aeng
080 _a573
100 _a11
101 _aSHM
245 _aTEACHING ABOUT EVOLUTION AND THE NATURE SCIENCE
_cKENEDY.D
942 _2udc
_cBK
999 _c11549
_d11549